000 01214nam a22001937a 4500
005 20250714122232.0
010 _aB-765511-5533 25BACHN25
020 _a9789394871786
_c300.00
035 _aB-765511-5533
037 _bनमस्कार बुक्स
082 _a920
100 _aभगत सिंह
_982948
245 _aमेरी जेल डायरी /
_cभगत सिंह
260 _aनई दिल्ली
_bनमस्कार बुक्स
_c2024
270 _aभवन संख्या 2/42 दूसरी मंजिल , अंसारी रोड , दरियागंज ,
_bनई दिल्ली
_e110002
300 _a168पृ.:
_c22सेमी(अजिल्द)
_bसचित्र
942 _2ddc
_cHN
_mभगत
_h920
999 _c209964
_d209964